Lorde "Pure Heroine" Songs. - Statistics

General Stats
  • This quiz has been taken 398 times
  • The average score is 8 of 10
Answer Stats
Track Listing Song % Correct
3 Royals
97%
6 Team
89%
1 Tennis Court
87%
4 Ribs
80%
2 400 Lux
79%
5 Buzzcut Season
74%
7 Glory and Gore
70%
9 White Teeth Teens
70%
10 A World Alone
65%
8 Still Sane
59%
No matching quizzes found
Score Distribution
Percent of People with Each Score
Percentile by Number Answered
Your Score History
You have not taken this quiz